Statystyki dla Kadra Bayernu w LM 2019/2020

Kliknij tutaj aby rozwiązać quiz!

Ogólne statystyki

  • Ten quiz został rozwiązany 185 razy
  • Średni wynik to 16 z 22

Statystyki odpowiedzi

pozycja#krajpiłkarz% Poprawnych
N9PolskaRobert Lewandowski
99%
B1NiemcyManuel Neuer
98%
O27AustriaDavid Alaba
93%
O19KanadaAlphonso Davies
89%
O17NiemcyJerome Boateng
89%
P25NiemcyThomas Muller
89%
P29FrancjaKingsley Coman
88%
O32NiemcyJoshua Kimmich
86%
P14ChorwacjaIvan Perisic
84%
P10BrazyliaPhilippe Coutinho
80%
P22NiemcySerge Gnabry
80%
P6HiszpaniaThiago Alcantara
80%
O5FrancjaBenjamin Pavard
79%
O8HiszpaniaJavi Martinez
77%
O4NiemcyNiklas Sule
77%
O21FrancjaLucas Hernandez
75%
P18NiemcyLeon Goretzka
69%
B26NiemcySven Ulreich
63%
P24FrancjaCorentin Tolisso
59%
P35HolandiaJoshua Zirkzee
39%
trener-NiemcyHans Dieter Flick
27%
B39NiemcyRon Thorben Hoffmann
19%

Rozkład punktacji

Percentyl według liczby udzielonych odpowiedzi

Procent ludzi z każdym wynikiem

Twoja historia wyników

Nie rozwiązałeś tego quizu